Statistiques concernant Les clubs demi-finalistes de la Ligue des Champions depuis 2001

Cliquez ici pour prendre le quiz!

Statistiques générales

  • Ce quiz a été pris 344 fois
  • Le résultat moyen est 18 sur 23

Statistiques - réponses

Nombre de demi-finalesAnnéesClub% Correct
92002,2006,2008,2009,2010,2011,2012,2013,2015FC Barcelone
100%
102001,2002,2003,2011,2012,2013,2014,2015,2016,2017Real Madrid
99%
72001,2010,2012,2013,2014,2015,2016Bayern Munich
99%
72004,2005,2007,2008,2009,2012,2014Chelsea
97%
52002,2007,2008,2009,2011Manchester United
97%
32003,2015,2017Juventus
97%
32014,2016,2017Atlético Madrid
97%
42003,2005,2006,2007AC Milan
96%
32005,2007,2008Liverpool
96%
12013Borussia Dortmund
94%
22004,2017AS Monaco
94%
22003,2010Inter Milan
93%
22006,2009Arsenal
91%
12010Olympique lyonnais
89%
12016Manchester City
89%
12004FC Porto
87%
12001Valence CF
80%
12002Bayer Leverkusen
63%
12011Schalke 04
46%
12005PSV Eidhoven
45%
12004Deportivo La Corogne
40%
12006Villareal CF
32%
12001Leeds United
18%

Distribution des résultats

Percentile par nombre de réponses

% des personnes avec chaque résultat

Votre développement - résultats

Vous n’avez pas pris ce quiz